000 00307nam a22001337a 4500
008 170220b xxu||||| |||| 00| 0 eng d
020 _a9780443066078
041 _aeng
080 _a615
100 _a5
101 _aSHF
245 _aDRUGS FOR PREGNANAT AND LACTANING WOMEN
_cWEINER, C.P
942 _2udc
_cBK
999 _c5836
_d5836